000 00816cab a2200193 4500
001 WB2514-26
008 090401t1989 xxu||||| |||| 00| 0 eng d
035 _a(Sirsi) u4847
041 _aeng
245 _aWinners and losers in planning gain
260 _c1989
350 _a0
490 _aTimes
_v12/4/89 p7
520 _aIn R v Wealdon DC, ex parte Charles Church South East Ltd , QBD 7 April 1989, a local planning authority was held not liable, when making s52 agreements , to compensate other developers in the development of neighbouring schemes who might suffer a disproportionate share of the burden as a result of providing facilities required for the area as a whole.
650 _aTOWN AND COUNTRY PLANNING ACT 1971 S52
690 _aPLANNING LAW AND PRACTICE
942 _n0
948 _c04/03/1997
999 _c2932
_d2932